000 01560nam a22002894aa4500
003 BOFEUTO
005 20260513102551.0
008 260504t2025 bo gr 000 f spa d
040 _6BOFEUTO
_aBOFEUTO
_cBOFEUTO
041 _aspa
044 _abo
082 _aTE6314
_bR741p
100 _aRojas Magne, Maura
_eAutor
245 _aPlan de negocios para la creacción de una guardería canina en la ciudad de Oruro. /
_c Maura Rojas Magne, Rosario Del Castillo Rodríguez
260 _aOruro :
_bs/n,
_c2025.
300 _a127 hojas ;
_btab, gráf. ;
_c28.5 cm.
500 _aIncluye bibliografía, anexos.
502 _aTesis Dirigida, (Licenciatura) -- Universidad Técnica de Oruro, Facultad de Ciencias Económicas, Financieras y Administrativas, Carrera Administración de Empresas, 2025.
520 _aEl presente trabajo de tesis plantea la creación de una guardería canina en la ciudad de Oruro, pensada como una alternativa innovadora y especializada para el cuidado temporal de perros, integrando servicios de reacción, atención básica, higiene, alimentación y transporte. Esta propuesta surge en respuesta a la creciente tendencia de humanización de las mascotas y a la limitada oferta de servicios especializados en la región, evidenciado una oportunidad de emprendimiento con potencial de sostenibilidad y crecimiento.
650 _aPlan de Negocios
653 _aCreación
653 _aServicios
653 _aAtención
653 _aTransporte
700 _aDel castillo Rodríguez, Rosario
_etutor
942 _2ddc
_cTE
_n0
999 _c16169
_d16169